Premier League: 150+ Matches (2000-) - Statistics

General Stats
  • This quiz has been taken 6 times
  • The average score is 285 of 564
Answer Stats
Ranking Player Positions Nationality Matches Goals (assists) Periods Clubs % Correct
372 Andy Cole FW 191 64 (30) 2000-2008
100%
285 Anton Ferdinand DF 218 4 (6) 2005-2013
100%
35 Ashley Cole DF 384 15 (31) 2000-2014
100%
118 Carlton Cole FW 289 52 (23) 2001-2010, 2012-2015
100%
376 Diogo Jota MF, FW 190 63 (20) 2018-2025
100%
4 Frank Lampard MF 491 160 (94) 2000-2015
100%
476 Gareth Bale MF, FW 166 53 (22) 2007-2012, 2020-2021
100%
55 Joe Cole MF 348 45 (35) 2000-2010, 2012-2015
100%
6 John Terry DF 486 41 (12) 2000-2017
100%
34 Jonny Evans DF 386 14 (14) 2007-2025
100%
534 Martin Kelly DF, MF 154 0 (5) 2009-2021
100%
322 Micah Richards DF 203 8 (10) 2005-2013, 2015-2016
100%
10 Peter Crouch FW 468 106 (58) 2001-2019
100%
30 Raheem Sterling MF, FW 396 123 (66) 2011-2025
100%
33 Rio Ferdinand DF 389 9 (7) 2000-2015
100%
147 Romelu Lukaku FW 278 121 (35) 2011-2018, 2021-2022
100%
265 Thierry Henry FW 227 158 (66) 2000-2006, 2011-2012
100%
5 Wayne Rooney MF, FW 491 208 (102) 2002-2018
100%
403 Aaron Ramsdale GK 183 0 (1) 2019-2025
83%
182 Aaron Ramsey MF 262 40 (45) 2008-2019
83%
174 Adam Johnson MF 265 32 (30) 2005-2016
83%
93 Adam Lallana MF, FW 305 33 (33) 2012-2025
83%
529 Alexis Sánchez MF, FW 154 63 (31) 2014-2019
83%
241 Alex Oxlade-Chamberlain MF, FW 235 20 (24) 2011-2023
83%
386 Andrew Johnson FW 187 51 (17) 2004-2005, 2006-2013
83%
91 Andrew Robertson DF, MF 308 11 (60) 2014-2015, 2016-2025
83%
204 Andy Carroll FW 248 54 (22) 2006-2008, 2010-2021
83%
69 Antonio Valencia DF, MF 325 24 (47) 2006-2019
83%
7 Ashley Young DF, FW 485 50 (74) 2006-2019, 2021-2025
83%
171 Bernardo Silva MF, FW 266 43 (46) 2017-2025
83%
353 Bruno Fernandes MF, FW 195 62 (51) 2019-2025
83%
232 Callum Wilson FW 239 88 (23) 2015-2025
83%
323 Carlos Tevez MF, FW 202 84 (36) 2006-2013
83%
53 Cesc Fàbregas MF, FW 350 50 (111) 2004-2010, 2014-2019
83%
308 Charlie Adam MF 207 34 (25) 2010-2018
83%
87 Christian Eriksen MF, FW 310 55 (78) 2013-2019, 2021-2025
83%
180 Chris Wood FW 263 89 (11) 2008-2009, 2010-2011, 2014-2015, 2017-2025
83%
99 Craig Dawson DF 303 21 (5) 2011-2017, 2019-2025
83%
239 Cristiano Ronaldo MF, FW 236 103 (37) 2003-2008, 2021-2023
83%
518 Damien Johnson MF 157 3 (7) 2001-2005, 2007-2008, 2009-2010
83%
60 Darren Fletcher MF 341 23 (27) 2003-2018
83%
21 David de Gea GK 415 0 (0) 2011-2023
83%
66 David James GK 329 0 (0) 2000-2010
83%
89 David Silva MF, FW 309 60 (93) 2010-2020
83%
149 Declan Rice MF 277 21 (24) 2016-2025
83%
361 Dele Alli MF, FW 194 51 (34) 2015-2023
83%
196 Didier Drogba FW 254 104 (55) 2004-2011, 2014-2015
83%
257 Dimitar Berbatov FW 229 94 (40) 2006-2014
83%
152 Ederson GK 276 0 (7) 2017-2025
83%
84 Edwin van der Sar GK 313 0 (1) 2001-2011
83%
349 Emiliano Martínez GK 196 0 (0) 2014-2015, 2016-2017, 2019-2025
83%
156 Eric Dier DF, MF 274 12 (10) 2014-2024
83%
337 Federico Fernández DF 199 4 (7) 2014-2022
83%
298 Fernando Torres FW 212 85 (29) 2007-2014
83%
558 Fraizer Campbell FW 150 18 (7) 2007-2017
83%
338 Freddie Ljungberg MF, FW 199 41 (27) 2000-2008
83%
258 Gabriel Jesus FW 229 76 (40) 2016-2025
83%
496 Gabriel Martinelli MF, FW 161 40 (20) 2019-2025
83%
70 Gaël Clichy DF 325 3 (18) 2003-2017
83%
31 Gary Cahill DF 394 28 (12) 2005-2021
83%
259 Gary Neville DF 229 3 (18) 2000-2006, 2008-2011
83%
455 Gilberto Silva DF, MF 170 17 (11) 2002-2008
83%
50 Glen Johnson DF 358 15 (28) 2002-2018
83%
78 Harry Kane FW 320 213 (44) 2012-2023
83%
166 Harry Maguire DF 268 14 (9) 2014-2015, 2016-2025
83%
49 Hugo Lloris GK 361 0 (0) 2012-2023
83%
378 Jack Grealish MF, FW 190 27 (29) 2013-2015, 2019-2025
83%
408 Jack Wilshere MF 182 8 (18) 2008-2010, 2012-2020
83%
1 James Milner DF, MF 638 55 (89) 2002-2025
83%
20 Jamie Carragher DF, MF 416 1 (12) 2000-2013
83%
59 Jamie Vardy FW 342 145 (47) 2014-2022, 2024-2025
83%
333 Jarrod Bowen MF, FW 200 56 (38) 2016-2017, 2019-2025
83%
276 Jason Roberts FW 221 36 (21) 2002-2003, 2005-2013
83%
514 Javier Hernández FW 158 53 (10) 2010-2015, 2017-2020
83%
3 Jermain Defoe FW 496 163 (33) 2000-2019
83%
409 Jesse Lingard MF, FW 182 29 (13) 2014-2023
83%
76 John Arne Riise DF, MF 321 21 (30) 2001-2007, 2011-2014
83%
12 John O'Shea DF, MF 445 13 (13) 2001-2017
83%
206 John Stones DF, MF 248 11 (2) 2013-2025
83%
16 Jordan Henderson MF 431 33 (54) 2008-2023
83%
72 Jordan Pickford GK 324 0 (2) 2015-2025
83%
351 Jorginho MF 196 21 (8) 2018-2025
83%
315 Joshua King MF, FW 204 53 (17) 2015-2022
83%
144 Juan Mata MF, FW 278 52 (54) 2011-2022
83%
125 Kasper Schmeichel GK 284 0 (0) 2007-2008, 2014-2022
83%
358 Kenwyne Jones FW 195 40 (14) 2004-2005, 2007-2014
83%
522 Kevin Campbell FW 156 30 (9) 2000-2006
83%
122 Kevin De Bruyne MF, FW 288 72 (118) 2013-2014, 2015-2025
83%
27 Kevin Nolan MF 401 69 (26) 2001-2008, 2010-2011, 2012-2016
83%
51 Kolo Touré DF 353 12 (10) 2002-2016
83%
24 Kyle Walker DF, MF 410 8 (36) 2009-2025
83%
561 Laurent Robert MF, FW 150 23 (32) 2001-2005, 2007-2008
83%
179 Ledley King DF, MF 264 10 (8) 2000-2012
83%
18 Leighton Baines DF 420 32 (53) 2005-2020
83%
211 Lucas Leiva MF 247 1 (13) 2007-2017
83%
40 Łukasz Fabiański GK 376 0 (1) 2007-2010, 2012-2025
83%
189 Luke Shaw DF, MF 258 3 (17) 2012-2025
83%
58 Luke Young DF 343 9 (8) 2000-2012
83%
108 Marcus Rashford MF, FW 297 89 (42) 2015-2025
83%
411 Marc Wilson DF, MF 181 1 (3) 2008-2017
83%
22 Mark Noble MF 414 47 (35) 2005-2010, 2012-2022
83%
545 Martin Ødegaard MF, FW 152 34 (31) 2020-2025
83%
505 Mason Mount MF, FW 160 29 (22) 2019-2025
83%
442 Michael Brown MF 173 4 (9) 2003-2010
83%
8 Michael Carrick MF 473 22 (38) 2000-2002, 2004-2018
83%
124 Michael Dawson DF 286 11 (5) 2004-2014, 2016-2017
83%
198 Michael Keane DF 253 16 (10) 2014-2015, 2016-2025
83%
253 Michael Owen FW 231 102 (13) 2000-2003, 2005-2013
83%
217 Mikaël Silvestre DF 244 9 (19) 2000-2010
83%
264 N'Golo Kanté MF 227 12 (17) 2015-2023
83%
277 Nick Pope GK 221 0 (0) 2017-2018, 2019-2025
83%
106 Nicolas Anelka FW 299 102 (36) 2001-2004, 2006-2011, 2013-2014
83%
195 Olivier Giroud FW 255 90 (29) 2012-2021
83%
146 Patrice Evra DF 278 7 (21) 2005-2013, 2017-2018
83%
519 Paul Pogba MF, FW 157 29 (38) 2011-2012, 2016-2022
83%
62 Paul Scholes MF 339 66 (35) 2000-2013
83%
109 Pepe Reina GK 297 0 (4) 2005-2012, 2019-2020
83%
13 Petr Čech GK 443 0 (2) 2004-2019
83%
41 Phil Jagielka DF, MF 376 18 (9) 2006-2021
83%
317 Phil Jones DF, MF 204 2 (6) 2009-2019, 2021-2022
83%
43 Phil Neville DF, MF 374 8 (17) 2000-2013
83%
80 Robbie Keane FW 318 114 (33) 2000-2012
83%
193 Roberto Firmino MF, FW 256 82 (50) 2015-2023
83%
136 Robin van Persie FW 280 144 (53) 2004-2015
83%
564 Ruud van Nistelrooy FW 150 95 (14) 2001-2006
83%
36 Ryan Giggs MF, FW 382 55 (101) 2000-2014
83%
181 Sadio Mané MF, FW 263 111 (38) 2014-2022
83%
279 Samir Nasri MF, FW 220 36 (39) 2008-2016, 2018-2019
83%
131 Sebastian Larsson MF 282 26 (26) 2005-2006, 2007-2008, 2009-2017
83%
154 Sergio Agüero FW 275 184 (48) 2011-2021
83%
165 Sol Campbell DF, FW 269 12 (6) 2000-2011
83%
65 Son Heung-min MF, FW 333 127 (71) 2015-2025
83%
229 Stephen Carr DF 241 5 (8) 2000-2001, 2002-2007, 2009-2011
83%
380 Steven Fletcher FW 190 53 (12) 2009-2016
83%
11 Steven Gerrard MF 463 119 (89) 2000-2015
83%
29 Theo Walcott MF, FW 397 80 (56) 2006-2023
83%
266 Tim Cahill MF, FW 226 56 (22) 2004-2012
83%
187 Trent Alexander-Arnold DF 259 18 (64) 2016-2025
83%
177 Vincent Kompany DF 265 18 (7) 2008-2019
83%
104 Virgil van Dijk DF 301 25 (8) 2015-2025
83%
114 Wes Brown DF 292 4 (9) 2000-2011, 2013-2016
83%
96 Wilfried Zaha MF, FW 305 68 (28) 2013-2023
83%
255 Yaya Touré MF 230 59 (33) 2010-2018
83%
19 Aaron Lennon MF, FW 416 36 (50) 2003-2004, 2005-2019, 2021-2022
67%
305 Aaron Wan-Bissaka DF 208 4 (18) 2017-2025
67%
207 Adama Traoré DF, MF, FW 247 14 (25) 2015-2016, 2018-2025
67%
243 Adam Smith DF, MF 234 5 (13) 2011-2012, 2015-2019, 2022-2025
67%
237 Alan Smith MF, FW 237 34 (25) 2000-2008, 2010-2012
67%
375 Alexandre Song DF, MF 190 7 (18) 2005-2011, 2014-2016
67%
256 Alisson GK 229 1 (3) 2018-2025
67%
327 Angelo Ogbonna DF 201 8 (1) 2015-2024
67%
557 Anthony Gordon MF, FW 150 25 (18) 2019-2025
67%
304 Anthony Martial MF, FW 209 63 (27) 2015-2024
67%
227 Ashley Williams DF 241 6 (5) 2011-2018
67%
192 Asmir Begović GK 256 1 (0) 2008-2018, 2021-2023
67%
169 Bacary Sagna DF 267 4 (19) 2007-2017
67%
83 Ben Davies DF, MF 313 10 (19) 2012-2025
67%
32 Ben Foster GK 390 0 (1) 2006-2019, 2021-2022
67%
294 Bernd Leno GK 213 0 (1) 2018-2025
67%
17 Brad Friedel GK 425 1 (0) 2001-2014
67%
155 Branislav Ivanović DF 274 22 (20) 2008-2016, 2020-2021
67%
236 Brede Hangeland DF 238 10 (3) 2007-2016
67%
354 Bukayo Saka DF, MF, FW 195 53 (45) 2018-2025
67%
54 César Azpilicueta DF, MF 349 10 (35) 2012-2023
67%
282 Chris Smalling DF 219 12 (1) 2008-2019
67%
133 Christian Benteke FW 280 86 (22) 2012-2022
67%
286 Clint Dempsey MF, FW 218 57 (19) 2006-2014
67%
444 Curtis Davies DF 172 7 (4) 2005-2006, 2007-2010, 2013-2014, 2016-2017
67%
63 Damien Duff MF, FW 337 49 (51) 2001-2014
67%
432 Daniel Agger DF 175 9 (6) 2005-2014
67%
287 Daniel Sturridge MF, FW 218 76 (21) 2006-2019
67%
230 Danny Ings FW 240 72 (23) 2014-2015, 2017-2025
67%
39 Danny Murphy MF 377 48 (52) 2000-2012
67%
48 Danny Welbeck MF, FW 363 77 (32) 2008-2025
67%
151 Darren Bent FW 276 106 (15) 2001-2002, 2005-2015
67%
492 Dejan Lovren DF 162 7 (4) 2013-2020
67%
306 Dirk Kuyt DF, MF, FW 208 51 (27) 2006-2012
67%
495 Dominic Solanke MF, FW 161 38 (16) 2017-2019, 2022-2025
67%
213 Eden Hazard MF, FW 245 85 (54) 2012-2019
67%
301 Eiður Guðjohnsen MF, FW 211 55 (28) 2000-2005, 2009-2011
67%
218 El Hadji Diouf MF, FW 243 28 (25) 2002-2011
67%
37 Emile Heskey FW 380 74 (35) 2000-2012
67%
222 Emmanuel Adebayor FW 242 97 (36) 2005-2016
67%
551 Fabinho DF, MF 151 8 (8) 2018-2023
67%
178 Fernandinho DF, MF 264 20 (19) 2013-2022
67%
74 Gabriel Agbonlahor MF, FW 322 74 (34) 2005-2016
67%
2 Gareth Barry MF 589 50 (61) 2000-2018
67%
289 Georginio Wijnaldum MF 217 27 (15) 2015-2021
67%
79 Gylfi Sigurðsson MF, FW 318 67 (50) 2011-2021
67%
357 Heurelho Gomes GK 195 0 (0) 2008-2010, 2015-2018
67%
392 Jacob Murphy DF, MF, FW 185 19 (28) 2017-2018, 2020-2025
67%
138 James Collins DF 279 11 (1) 2005-2018
67%
271 James Maddison MF, FW 222 56 (48) 2018-2025
67%
248 Jan Vertonghen DF 232 6 (4) 2012-2020
67%
188 Jay Rodriguez MF, FW 258 46 (17) 2012-2013, 2015-2017, 2019-2021, 2023-2024
67%
135 Jermaine Jenas MF 280 32 (26) 2001-2013
67%
61 Joe Hart GK 340 0 (1) 2006-2015, 2017-2019
67%
560 Joël Matip DF, MF 150 9 (5) 2016-2024
67%
203 John Obi Mikel MF 249 1 (10) 2006-2016
67%
352 Kelechi Iheanacho MF, FW 196 42 (25) 2015-2023
67%
42 Kevin Davies FW 375 72 (48) 2000-2012
67%
263 Kevin Phillips FW 227 63 (20) 2000-2005, 2009-2010, 2013-2014
67%
415 Kieran Gibbs DF, MF 180 2 (9) 2008-2017, 2020-2021
67%
316 Kieran Trippier DF, MF 204 6 (38) 2014-2018, 2021-2025
67%
210 Kurt Zouma DF 247 15 (3) 2014-2024
67%
194 Laurent Koscielny DF 255 22 (2) 2010-2019
67%
145 Louis Saha FW 278 84 (19) 2001-2013
67%
533 Mame Biram Diouf DF, MF, FW 154 27 (9) 2009-2010, 2014-2018
67%
88 Marc Albrighton DF, MF, FW 310 20 (44) 2009-2023
67%
340 Marcus Bent FW 199 35 (13) 2001-2002, 2003-2007, 2010-2011
67%
185 Marouane Fellaini MF 260 37 (16) 2008-2019
67%
223 Martin Škrtel DF 242 16 (5) 2007-2016
67%
321 Mateo Kovačić MF 203 11 (15) 2018-2025
67%
401 Mesut Özil MF, FW 184 33 (55) 2013-2020
67%
167 Michail Antonio MF, FW 268 68 (33) 2015-2025
67%
103 Mohamed Salah MF, FW 301 186 (87) 2013-2014, 2017-2025
67%
186 Morten Gamst Pedersen MF, FW 260 34 (39) 2004-2012
67%
219 Mousa Dembélé MF 243 12 (12) 2010-2019
67%
168 Nathaniel Clyne DF 268 4 (12) 2012-2018, 2020-2025
67%
201 Nemanja Matić MF 251 6 (23) 2009-2010, 2013-2022
67%
303 Nemanja Vidić DF 211 15 (3) 2005-2014
67%
402 Ollie Watkins FW 184 75 (34) 2020-2025
67%
101 Pablo Zabaleta DF, MF 303 9 (21) 2008-2020
67%
370 Phil Foden MF, FW 192 61 (29) 2017-2025
67%
197 Pierre Højbjerg MF 254 12 (15) 2016-2024
67%
511 Ramires MF 159 17 (8) 2010-2016
67%
221 Richarlison MF, FW 243 64 (24) 2017-2025
67%
127 Riyad Mahrez MF, FW 284 82 (62) 2014-2023
67%
342 Robert Pirès MF, FW 198 62 (41) 2000-2005, 2010-2011
67%
439 Rodri MF 175 22 (21) 2019-2025
67%
128 Ross Barkley MF, FW 284 37 (33) 2011-2021, 2023-2025
67%
524 Salomon Kalou MF, FW 156 36 (23) 2006-2012
67%
47 Scott Parker MF 364 24 (20) 2000-2014
67%
46 Séamus Coleman DF, MF 369 22 (24) 2009-2025
67%
38 Shay Given GK 380 0 (0) 2000-2009, 2011-2012, 2014-2017
67%
105 Simon Davies MF 300 27 (35) 2000-2012
67%
215 Simon Mignolet GK 245 0 (0) 2010-2018
67%
371 Steven Reid DF, MF 192 8 (14) 2003-2015
67%
25 Stewart Downing MF, FW 408 37 (59) 2001-2014, 2016-2017
67%
9 Sylvain Distin DF 469 7 (6) 2001-2016
67%
28 Tim Howard GK 399 1 (3) 2003-2016
67%
336 Toby Alderweireld DF 200 9 (4) 2014-2021
67%
489 Tom Davies MF 164 6 (5) 2015-2024
67%
226 Tom Huddlestone MF 242 12 (24) 2005-2014, 2016-2017
67%
280 Victor Moses DF, MF, FW 220 20 (18) 2009-2019
67%
68 Willian MF, FW 327 47 (45) 2013-2020, 2022-2025
67%
479 Winston Reid DF 166 6 (2) 2010-2011, 2012-2018
67%
367 Yossi Benayoun MF 194 31 (22) 2005-2013
67%
85 Aaron Cresswell DF, MF 312 10 (26) 2014-2025
50%
382 Alan Shearer FW 188 84 (18) 2000-2006
50%
512 Alexandre Lacazette FW 158 54 (25) 2017-2022
50%
474 Alexis Mac Allister MF, FW 166 26 (15) 2019-2025
50%
542 Alex McCarthy GK 152 0 (0) 2012-2013, 2014-2015, 2017-2022, 2024-2025
50%
116 Andros Townsend MF, FW 291 26 (31) 2012-2021, 2023-2024
50%
500 Ben White DF, MF 160 6 (11) 2020-2025
50%
199 Bobby Zamora FW 252 47 (34) 2003-2004, 2005-2012, 2014-2015
50%
413 Boudewijn Zenden DF, FW 180 19 (16) 2001-2006, 2009-2011
50%
309 Dan Burn DF 207 6 (4) 2013-2014, 2019-2025
50%
324 Danny Rose DF, MF 202 9 (18) 2009-2019, 2021-2022
50%
295 Danny Simpson DF 213 0 (1) 2007-2008, 2010-2012, 2014-2019
50%
238 David Dunn MF 237 36 (21) 2001-2012
50%
296 David Luiz DF, MF 213 14 (7) 2010-2013, 2016-2021
50%
464 Dennis Bergkamp FW 168 30 (44) 2000-2006
50%
233 Dominic Calvert-Lewin FW 239 57 (15) 2016-2025
50%
433 Douglas Luiz MF 175 20 (18) 2019-2024
50%
313 Fabian Delph DF, MF 204 7 (8) 2009-2022
50%
356 Fabian Schär DF 195 18 (7) 2018-2025
50%
302 Fabricio Coloccini DF, MF 211 4 (1) 2008-2009, 2010-2016
50%
269 Granit Xhaka DF, MF 225 17 (24) 2016-2023
50%
405 Héctor Bellerín DF, MF 183 8 (20) 2014-2021
50%
275 İlkay Gündoğan MF 221 45 (22) 2016-2022, 2024-2025
50%
456 Jack Harrison MF, FW 170 25 (19) 2020-2025
50%
157 James Beattie FW 274 86 (30) 2000-2006, 2008-2011
50%
159 James McCarthy MF 272 13 (12) 2009-2021
50%
86 James Morrison MF, FW 311 32 (33) 2003-2006, 2008-2009, 2010-2018
50%
26 James Ward-Prowse DF, MF 404 57 (47) 2012-2025
50%
482 Joachim Andersen DF 165 4 (7) 2020-2025
50%
90 Joel Ward DF, MF 309 5 (7) 2009-2010, 2013-2025
50%
320 John McGinn MF, FW 203 17 (23) 2019-2025
50%
121 Joleon Lescott DF 288 23 (9) 2006-2017
50%
329 Jonas Olsson DF 201 8 (6) 2008-2009, 2010-2017
50%
143 Jonjo Shelvey MF 278 23 (27) 2010-2015, 2017-2023
50%
14 Jussi Jääskeläinen GK 436 0 (3) 2001-2015
50%
554 Kai Havertz MF, FW 151 41 (17) 2020-2025
50%
555 Kevin Mirallas MF, FW 151 29 (21) 2012-2018
50%
359 Kieron Dyer MF 195 20 (22) 2000-2013
50%
307 Leandro Trossard MF, FW 208 46 (31) 2019-2025
50%
160 Lee Bowyer MF 272 36 (24) 2000-2011
50%
52 Leon Osman MF 352 44 (27) 2002-2016
50%
272 Lucas Digne DF, MF 222 6 (29) 2018-2025
50%
419 Marcos Alonso DF, MF 179 26 (16) 2010-2011, 2013-2014, 2016-2022
50%
15 Mark Schwarzer GK 436 0 (1) 2000-2015
50%
494 Martin Dúbravka GK 162 0 (0) 2017-2025
50%
346 Martin Olsson DF, MF 197 5 (7) 2007-2011, 2013-2014, 2015-2018
50%
467 Michael Essien DF, MF 168 17 (10) 2005-2011, 2013-2014
50%
126 Mikel Arteta MF 284 42 (42) 2004-2016
50%
111 Moussa Sissoko MF, FW 295 16 (25) 2012-2022
50%
437 Nathan Dyer MF, FW 175 18 (13) 2011-2018
50%
153 Nathan Redmond MF, FW 276 28 (26) 2013-2014, 2015-2024
50%
246 Nicky Butt DF, MF 233 13 (9) 2000-2009
50%
254 Nwankwo Kanu FW 230 36 (23) 2000-2010
50%
235 Oriol Romeu MF 239 7 (3) 2011-2012, 2015-2023
50%
421 Patrick Vieira MF 179 22 (20) 2000-2004, 2009-2011
50%
56 Paul Konchesky DF, FW 345 9 (22) 2000-2010, 2014-2015
50%
45 Paul Robinson GK 370 1 (5) 2000-2001, 2002-2011, 2016-2017
50%
438 Paul Robinson DF 175 1 (6) 2004-2005, 2008-2012
50%
369 Philippe Coutinho MF, FW 193 47 (39) 2012-2017, 2021-2024
50%
44 Richard Dunne DF 374 11 (5) 2000-2001, 2002-2011, 2014-2015
50%
416 Robbie Fowler FW 180 54 (16) 2000-2006, 2008-2009
50%
170 Robert Green GK 267 0 (0) 2004-2005, 2006-2010, 2012-2013, 2014-2015
50%
75 Robert Huth DF 322 21 (6) 2001-2017
50%
428 Rúben Neves MF 177 21 (9) 2018-2023
50%
81 Ryan Shawcross DF 317 14 (9) 2008-2018
50%
137 Sami Hyypiä DF 280 20 (6) 2000-2009
50%
425 Scott McTominay MF, FW 178 19 (4) 2016-2025
50%
326 Sean Davis MF 202 11 (15) 2001-2010
50%
212 Stephen Ireland MF 246 19 (28) 2005-2015, 2017-2018
50%
453 Stephen Ward DF, FW 171 6 (5) 2009-2011, 2014-2015, 2016-2019
50%
240 Steve Finnan DF 236 1 (14) 2001-2007, 2009-2010
50%
92 Steven Davis MF 306 17 (20) 2004-2007, 2012-2019
50%
293 Steven Pienaar MF 214 21 (32) 2007-2017
50%
67 Thomas Sørensen GK 327 0 (0) 2000-2006, 2008-2011, 2013-2014
50%
273 Tim Krul GK 222 0 (1) 2010-2015, 2019-2020, 2021-2022
50%
458 Tomáš Rosický MF 170 19 (15) 2006-2007, 2009-2015
50%
364 Tomáš Souček MF 194 36 (8) 2019-2025
50%
225 Tom Cleverley MF 242 15 (15) 2010-2019, 2021-2022
50%
176 Tony Hibbert DF 265 0 (8) 2000-2016
50%
443 Trevor Sinclair MF 173 21 (16) 2000-2007
50%
485 Troy Deeney FW 165 47 (20) 2015-2019, 2021-2022
50%
366 Victor Lindelöf DF 194 4 (5) 2017-2025
50%
538 Victor Wanyama MF 154 10 (3) 2013-2020
50%
158 Wayne Bridge DF 274 2 (19) 2000-2012
50%
389 Wayne Hennessey GK 187 0 (1) 2009-2011, 2013-2019, 2021-2023
50%
459 Wes Morgan DF 170 8 (2) 2014-2021
50%
77 William Gallas DF 321 25 (3) 2001-2013
50%
200 Yakubu Aiyegbeni FW 252 96 (26) 2003-2012
50%
284 Youri Tielemans MF, FW 219 26 (33) 2018-2025
50%
23 Aaron Hughes DF 410 3 (11) 2000-2014
33%
141 Abdoulaye Doucouré MF, FW 278 36 (23) 2016-2025
33%
480 Aleksandar Kolarov DF 165 11 (21) 2010-2017
33%
115 Alex Iwobi MF, FW 291 31 (36) 2015-2025
33%
330 Ashley Barnes MF, FW 200 42 (6) 2014-2015, 2016-2022
33%
426 Ben Chilwell DF, MF 177 13 (18) 2016-2025
33%
148 Ben Mee DF 277 14 (5) 2014-2015, 2016-2025
33%
530 Brad Guzan GK 154 0 (1) 2008-2009, 2011-2017
33%
208 Brett Emerton DF, MF 247 13 (30) 2003-2012
33%
300 Cameron Jerome FW 211 33 (17) 2007-2008, 2009-2013, 2015-2016
33%
501 Carlo Cudicini GK 160 0 (0) 2000-2011
33%
461 Charlie Taylor DF 169 1 (7) 2017-2021, 2023-2025
33%
381 Chris Kirkland GK 189 0 (2) 2000-2011
33%
341 Conor Coady DF 198 7 (1) 2012-2013, 2018-2022, 2024-2025
33%
112 Craig Bellamy FW 294 81 (31) 2000-2009, 2011-2012, 2013-2014
33%
184 Craig Gardner MF 260 31 (14) 2005-2017
33%
481 Danny Mills DF 165 3 (8) 2000-2008
33%
205 Darius Vassell MF, FW 248 52 (19) 2000-2009
33%
331 Demarai Gray MF, FW 200 19 (14) 2015-2023
33%
288 Dietmar Hamann MF 217 7 (19) 2000-2009
33%
427 Érik Lamela MF, FW 177 17 (25) 2013-2021
33%
268 Erik Pieters DF, MF 225 1 (13) 2013-2017, 2019-2022
33%
345 Ezri Konsa DF 197 8 (2) 2019-2025
33%
373 Gareth Southgate DF 191 6 (7) 2000-2006
33%
291 Gary O'Neil MF 214 16 (16) 2003-2008, 2010-2011, 2012-2013, 2015-2016
33%
465 Geoff Cameron DF, MF 168 2 (5) 2012-2018
33%
368 George McCartney DF 193 1 (8) 2000-2002, 2005-2009, 2012-2014
33%
150 Glenn Whelan MF 277 4 (12) 2008-2017
33%
466 Harry Kewell MF, FW 168 36 (23) 2000-2008
33%
559 Harry Winks MF 150 2 (5) 2016-2021, 2024-2025
33%
332 Harvey Barnes MF, FW 200 49 (32) 2017-2025
33%
531 Hugo Rodallega FW 154 29 (12) 2008-2014
33%
260 Idrissa Gana Gueye MF 229 7 (9) 2015-2018, 2022-2025
33%
98 Jack Cork DF, MF 304 9 (9) 2009-2010, 2012-2021, 2023-2024
33%
521 Jack Stephens DF 156 5 (3) 2016-2022, 2024-2025
33%
350 Jake Livermore MF 196 7 (8) 2009-2010, 2011-2014, 2016-2017, 2020-2021
33%
434 Jamaal Lascelles DF 175 10 (1) 2015-2016, 2017-2024
33%
100 James Tarkowski DF 303 10 (8) 2016-2025
33%
314 Jason Puncheon MF 204 24 (17) 2010-2019
33%
528 Jerome Thomas MF, FW 155 11 (12) 2003-2006, 2008-2009, 2010-2015
33%
283 Jimmy Floyd Hasselbaink FW 219 93 (39) 2000-2007
33%
435 João Moutinho MF 175 5 (18) 2018-2023
33%
339 Joe Allen MF 199 16 (11) 2011-2018
33%
393 Joelinton MF, FW 185 22 (10) 2019-2025
33%
164 Joey Barton MF 269 26 (34) 2002-2008, 2010-2011, 2014-2015, 2016-2017
33%
493 Jóhann Berg Guðmundsson MF, FW 162 10 (21) 2016-2021, 2023-2024
33%
245 Jonathan Walters MF, FW 233 43 (19) 2002-2003, 2010-2018
33%
394 Jonathan Woodgate DF 185 4 (3) 2000-2003, 2006-2009, 2011-2012
33%
94 Jordan Ayew MF, FW 305 42 (24) 2015-2025
33%
498 José Enrique DF 161 2 (11) 2007-2008, 2010-2015
33%
95 Kevin Kilbane DF, MF 305 14 (17) 2000-2010
33%
175 Kieran Richardson DF, MF 265 24 (17) 2002-2003, 2004-2016
33%
398 Lauren DF 184 7 (8) 2000-2008
33%
173 Lewis Dunk DF 266 16 (6) 2017-2025
33%
544 Lucas Moura MF, FW 152 20 (15) 2017-2023
33%
139 Lucas Neill DF 279 6 (15) 2001-2010
33%
191 Luís Boa Morte MF, FW 257 28 (34) 2001-2011
33%
406 Luka Milivojević MF 183 28 (6) 2016-2023
33%
491 Maik Taylor GK 163 0 (0) 2001-2005, 2007-2008, 2009-2010
33%
418 Manuel Lanzini MF, FW 179 27 (17) 2015-2023
33%
140 Mario Melchiot DF 279 6 (10) 2000-2005, 2007-2010
33%
399 Marko Arnautović MF, FW 184 43 (33) 2013-2019
33%
231 Mark Viduka FW 240 92 (28) 2000-2009
33%
424 Mathieu Flamini MF 178 10 (8) 2004-2007, 2013-2017
33%
130 Matthew Etherington MF 283 21 (35) 2000-2002, 2005-2014
33%
311 Matthew Jarvis MF 205 20 (17) 2009-2016
33%
71 Matthew Taylor DF, MF 325 40 (24) 2003-2010, 2012-2015
33%
488 Matt Targett DF, MF 164 3 (9) 2014-2025
33%
162 Matt Upson DF 271 9 (4) 2000-2012, 2014-2015
33%
483 Max Kilman DF 165 3 (2) 2018-2025
33%
471 Michael Gray DF, MF 167 2 (5) 2000-2007
33%
391 Miguel Almirón MF, FW 186 23 (6) 2018-2025
33%
334 Morgan Schneiderlin MF 200 13 (3) 2012-2020
33%
388 Nacho Monreal DF 187 7 (13) 2012-2020
33%
242 Nathan Aké DF, MF 235 18 (7) 2012-2025
33%
312 Nigel Reo-Coker MF 205 10 (8) 2005-2012
33%
220 Nolberto Solano MF 243 40 (42) 2000-2008
33%
249 Olof Mellberg DF, MF 232 8 (4) 2001-2008
33%
541 Park Ji-sung MF 153 20 (21) 2005-2013
33%
262 Pascal Groß DF, MF, FW 228 30 (45) 2017-2024
33%
297 Patrick van Aanholt DF 213 20 (15) 2009-2010, 2011-2012, 2014-2021
33%
556 Paul Dummett DF 151 3 (0) 2013-2015, 2017-2021, 2023-2024
33%
278 Paul Scharner DF, MF 221 21 (12) 2005-2013
33%
523 Per Mertesacker DF 156 6 (1) 2011-2018
33%
102 Phil Bardsley DF 303 7 (5) 2005-2021
33%
347 Raúl Jiménez FW 197 59 (21) 2018-2025
33%
563 Ray Parlour MF 150 4 (1) 2000-2006
33%
202 Ricardo Gardner DF, MF 251 10 (11) 2001-2012
33%
120 Rory Delap MF 289 15 (14) 2000-2005, 2008-2013
33%
520 Ruben Loftus-Cheek DF, MF, FW 157 10 (9) 2014-2023
33%
472 Salomón Rondón FW 167 36 (15) 2015-2018, 2021-2023
33%
228 Scott Dann DF 241 16 (11) 2009-2011, 2013-2021
33%
452 Sean Longstaff MF 171 10 (9) 2018-2025
33%
57 Shane Long FW 344 56 (24) 2006-2007, 2011-2022
33%
82 Shaun Wright-Phillips MF, FW 316 32 (35) 2000-2001, 2002-2012, 2014-2015
33%
379 Solly March DF, MF, FW 190 14 (18) 2017-2025
33%
64 Steed Malbranque MF 336 39 (55) 2001-2011
33%
363 Steven Taylor DF 194 12 (4) 2003-2008, 2010-2016
33%
335 Steve Sidwell MF 200 21 (14) 2006-2016
33%
525 Steve Watson DF, MF 156 15 (10) 2000-2006
33%
441 Teddy Sheringham FW 174 54 (20) 2000-2003, 2005-2007
33%
365 Tomasz Radzinski FW 194 35 (21) 2001-2007
33%
447 Tyrone Mings DF 172 6 (9) 2015-2025
33%
110 Wayne Routledge MF, FW 297 16 (29) 2004-2008, 2010-2018
33%
281 Wilfred Ndidi DF, MF 220 7 (14) 2016-2022, 2024-2025
33%
407 Will Hughes MF 183 6 (14) 2017-2019, 2021-2025
33%
374 Yves Bissouma DF, MF 191 5 (2) 2018-2025
33%
463 Adrian Mariappa DF 168 2 (1) 2006-2007, 2012-2020
17%
385 Alan Stubbs DF 187 7 (0) 2001-2008
17%
549 Antoine Sibierski MF, FW 151 18 (8) 2003-2009
17%
123 Ashley Westwood MF 286 12 (31) 2012-2022
17%
270 Ayoze Pérez MF, FW 223 45 (18) 2014-2015, 2017-2023
17%
526 Benoît Assou-Ekotto DF 155 4 (8) 2006-2013
17%
410 Calum Chambers DF, MF 181 7 (5) 2013-2024
17%
117 Cheikhou Kouyaté DF, MF 291 15 (11) 2014-2024
17%
163 Chris Brunt DF, MF 269 25 (48) 2008-2009, 2010-2018
17%
486 Chris Powell DF 164 1 (6) 2000-2003, 2005-2007
17%
475 Chris Riggott DF 166 8 (4) 2000-2009
17%
290 Ciaran Clark DF, MF 214 15 (6) 2009-2015, 2017-2022
17%
502 Claudio Yacob MF 160 1 (1) 2012-2018
17%
517 Claus Jensen MF 157 20 (22) 2000-2007
17%
454 Claus Lundekvam DF 170 1 (2) 2000-2005
17%
404 Craig Cathcart DF 183 5 (2) 2010-2011, 2015-2019, 2021-2022
17%
383 Dan Gosling DF, MF 188 18 (4) 2008-2013, 2015-2019, 2021-2022
17%
310 Danny Higginbotham DF 206 9 (5) 2000-2004, 2007-2012
17%
396 David Bentley MF 184 17 (24) 2003-2011
17%
550 David Unsworth DF 151 19 (10) 2000-2004, 2006-2007
17%
267 Dwight McNeil MF, FW 225 21 (32) 2018-2025
17%
414 Étienne Capoue MF 180 10 (8) 2013-2020
17%
319 Gareth McAuley DF 203 15 (3) 2011-2018
17%
209 Gary Speed MF 247 29 (21) 2000-2008
17%
172 Gavin McCann MF 266 8 (8) 2000-2010
17%
97 George Boateng MF 304 10 (12) 2000-2010
17%
142 Hermann Hreiðarsson DF 278 11 (15) 2000-2001, 2003-2010
17%
504 Issa Diop DF 160 7 (2) 2018-2025
17%
445 Iván Campo DF, MF 172 13 (7) 2002-2008
17%
377 Jack Colback DF, MF 190 9 (10) 2009-2015, 2022-2023
17%
470 Jack Rodwell DF, MF 167 10 (4) 2007-2016, 2019-2020
17%
73 James McArthur MF 323 23 (23) 2010-2012, 2014-2023
17%
513 James McClean DF, MF, FW 158 11 (9) 2011-2012, 2015-2018
17%
119 James Tomkins DF, MF 289 14 (7) 2007-2010, 2012-2024
17%
553 Jamie Clapham DF 151 5 (7) 2000-2006
17%
397 Jan Bednarek DF 184 9 (3) 2017-2022, 2024-2025
17%
134 Jeffrey Schlupp DF, MF, FW 280 22 (14) 2014-2025
17%
250 Jermaine Pennant MF 231 14 (40) 2002-2008, 2010-2014
17%
510 Joe Willock MF, FW 159 15 (9) 2017-2025
17%
261 Joseph Yobo DF 228 8 (2) 2002-2009, 2013-2014
17%
436 Juan Pablo Ángel FW 175 44 (14) 2000-2007
17%
487 Kevin Doyle FW 164 37 (15) 2006-2007, 2009-2011, 2014-2015
17%
430 Kyle Naughton DF 176 1 (8) 2009-2010, 2011-2018
17%
161 Lee Cattermole MF 271 6 (8) 2005-2017
17%
477 Lee Hendrie MF 166 20 (17) 2000-2007
17%
190 Liam Ridgewell DF 257 17 (7) 2003-2007, 2009-2014
17%
420 Matt Doherty DF, MF 179 14 (15) 2011-2012, 2018-2025
17%
252 Matthew Lowton DF 231 4 (15) 2012-2014, 2016-2022
17%
325 Matt Holland MF 202 17 (12) 2000-2001, 2003-2007
17%
400 Matt Ritchie DF, MF, FW 184 12 (24) 2009-2010, 2015-2016, 2017-2024
17%
535 Maya Yoshida DF 154 6 (2) 2012-2020
17%
515 Michael Turner DF 158 8 (0) 2008-2014
17%
234 Mohamed Diamé MF 239 18 (5) 2009-2014, 2017-2019
17%
536 Morgan Gibbs-White MF, FW 154 18 (27) 2018-2025
17%
384 Nedum Onuoha DF 188 4 (5) 2004-2012, 2014-2015
17%
431 Nicky Shorey DF, MF 176 4 (21) 2006-2013
17%
537 Niko Kranjčar MF 154 20 (15) 2006-2011, 2014-2015
17%
562 Pascal Chimbonda DF 150 6 (13) 2005-2011
17%
516 Paul Telfer DF, MF 158 1 (12) 2000-2005
17%
547 Philip Billing MF, FW 152 12 (4) 2017-2019, 2022-2025
17%
422 Radostin Kishishev DF, MF 179 2 (5) 2000-2007
17%
507 Robbie Brady DF, MF, FW 160 10 (13) 2013-2021
17%
224 Robbie Savage MF 242 16 (18) 2000-2008
17%
451 Robert Snodgrass MF, FW 171 26 (22) 2012-2014, 2016-2017, 2018-2021
17%
183 Ryan Bertrand DF, MF 262 7 (15) 2010-2022
17%
412 Ryan Fraser DF, MF, FW 181 18 (31) 2016-2022, 2024-2025
17%
107 Shola Ameobi FW 298 43 (20) 2000-2008, 2010-2015
17%
478 Stéphane Sessègnon MF, FW 166 25 (21) 2010-2016
17%
299 Stephen Warnock DF 212 8 (16) 2004-2012
17%
360 Steven Nzonzi MF 195 11 (8) 2009-2015
17%
395 Stiliyan Petrov MF 185 9 (8) 2006-2012
17%
113 Titus Bramble DF 292 10 (3) 2000-2013
17%
462 Tyrick Mitchell DF, MF 169 3 (13) 2019-2025
17%
318 Victor Anichebe FW 204 27 (13) 2005-2017
17%
440 Yohan Cabaye MF 175 26 (14) 2011-2013, 2015-2018
17%
348 Younès Kaboul DF 197 12 (5) 2007-2018
17%
129 Zat Knight DF 284 7 (2) 2001-2012
17%
473 Abdoulaye Faye DF, MF 166 10 (1) 2005-2010, 2013-2014
0%
344 Ahmed Elmohamady DF, MF 197 6 (13) 2010-2014, 2016-2017, 2019-2021
0%
548 Alan Hutton DF 151 3 (6) 2007-2011, 2014-2016
0%
216 Andy O'Brien DF 244 7 (2) 2000-2011
0%
460 Àngel Rangel DF 169 4 (4) 2011-2018
0%
468 Cédric Soares DF, MF 167 3 (13) 2015-2024
0%
132 Charles N'Zogbia DF, FW 281 28 (36) 2004-2012, 2014-2016
0%
539 Chris Baird DF, MF 153 4 (2) 2002-2003, 2007-2012, 2014-2015
0%
508 Chris Perry DF 159 5 (0) 2000-2006
0%
449 Christopher Samba DF 171 16 (6) 2006-2013
0%
390 David Weir DF 186 7 (6) 2000-2007
0%
355 Dean Kiely GK 195 0 (2) 2000-2005, 2008-2009
0%
244 Dean Whitehead DF, MF 234 7 (11) 2005-2006, 2007-2012, 2017-2018
0%
274 Emmerson Boyce DF 221 11 (4) 2004-2005, 2006-2013
0%
469 Fabrice Muamba MF 167 5 (2) 2007-2012
0%
328 Franck Queudrue DF 201 12 (19) 2001-2007, 2009-2010
0%
527 Fraser Forster GK 155 0 (0) 2014-2018, 2020-2022, 2024-2025
0%
503 Gabriel Magalhães DF 160 17 (1) 2020-2025
0%
552 Hayden Mullins MF 151 3 (0) 2005-2010
0%
450 James McFadden MF, FW 171 20 (11) 2003-2007, 2009-2013
0%
509 Jason Euell MF, FW 159 34 (11) 2001-2006, 2010-2011
0%
497 Jefferson Lerma DF, MF 161 9 (4) 2018-2019, 2022-2025
0%
251 Jlloyd Samuel DF, MF 231 2 (11) 2000-2010
0%
457 Jody Craddock DF, MF 170 9 (4) 2000-2003, 2009-2012
0%
532 Jonás Gutiérrez MF 154 7 (11) 2008-2009, 2010-2015
0%
214 Jonathan Greening MF 245 9 (22) 2000-2005, 2008-2011
0%
423 José Fonte DF 178 7 (3) 2012-2018
0%
499 Junior Hoilett MF, FW 161 16 (8) 2009-2012, 2014-2015, 2018-2019
0%
387 Ki Sung-yueng MF 187 15 (9) 2012-2020
0%
543 Leander Dendoncker DF, MF 152 10 (2) 2018-2024
0%
362 Lee Carsley MF 194 13 (11) 2000-2007, 2009-2010
0%
446 Lewis Cook DF, MF, FW 172 1 (11) 2016-2019, 2022-2025
0%
540 Lomana LuaLua MF, FW 153 24 (12) 2000-2007
0%
292 Maynor Figueroa DF 214 4 (6) 2007-2015
0%
506 Neal Maupay MF, FW 160 33 (10) 2019-2024
0%
484 Nélson Semedo DF, MF 165 1 (8) 2020-2025
0%
546 Pablo Fornals MF, FW 152 16 (13) 2019-2024
0%
343 Ryan Nelsen DF 198 9 (5) 2004-2013
0%
429 Sébastien Bassong DF 177 6 (2) 2008-2013, 2015-2016
0%
417 Steve Cook DF, MF 180 10 (2) 2015-2019, 2022-2023
0%
247 Tugay Kerimoğlu MF 233 11 (14) 2001-2009
0%
490 Youssouf Mulumbu MF 164 11 (9) 2008-2009, 2010-2016
0%
448 Zoltán Gera MF 172 17 (12) 2004-2005, 2008-2014
0%
No matching quizzes found
Score Distribution
Percent of People with Each Score
Percentile by Number Answered
Your Score History
You have not taken this quiz